Biggest Cities on the World by Letters Number - Statistics

General Stats
  • This quiz has been taken 110 times
  • The average score is 9 of 15
Answer Stats
Letter City Proper % Correct
5 Tokyo
97%
8 Shanghai
83%
7 Beijing
80%
12 Rio de Janeiro
77%
6 Mexico City
76%
7 Jakarta
73%
9 Guangzhou
70%
10 Los Angeles
70%
6 Manila
59%
11 Buenos Aires
57%
4 Lima
53%
14 Saint Petersburg
21%
3 Ufa
20%
9 Chongqing
16%
13 Belo Horizonte
10%
No matching quizzes found
Score Distribution
Percent of People with Each Score
Percentile by Number Answered
Your Score History
You have not taken this quiz